[Event "WTCC-50 2018"]
[Site "Radebeul"]
[Date "2018.07.12"]
[Round "6"]
[White "Schulenburg, Bernd"]
[Black "Schoeneberg, Manfred"]
[Result "1-0"]
[WhiteElo "2152"]
[BlackElo "2199"]
[Annotator "NA"]
[PlyCount "125"]
[EventDate "2018.07.07"]
[EventType "team-tourn"]
[EventCountry "GER"]
[SourceTitle "playchess.com"]
[Source "ChessBase"]
[SourceQuality "1"]
[TimeControl "40/5400+30:1800+30"]

1. e4 {[%emt 0:00:00]} c5 {[%emt 0:03:48]} 2. Nf3 {[%emt 0:00:00]} a6 {[%emt 0:00:46]} 3. d4 {[%emt 0:06:03]} cxd4 {[%emt 0:00:36]} 4. Nxd4 {[%emt 0:00:06]} e5 {[%emt 0:00:32]} 5. Nf3 {[%emt 0:01:18]} Nf6 {[%emt 0:01:14]} 6. Nc3 {[%emt 0:08:21]} Bb4 {[%emt 0:02:00]} 7. Qd3 {[%emt 0:00:33]} d5 {[%emt 0:08:55] B28: Sicilian: 2 Nf3 a6 (O'Kelly Variation)} 8. Bg5 {[%emt 0:09:18]} (8. Nd2 d4 9. Nd1 O-O 10. c3 dxc3 11. Nxc3 Nc6 12. a3 Bxc3 13. Qxc3 Be6 14. Bc4 Nd4 15. Bxe6 fxe6 {0-1 (23) Santos,J (2246)-Paunovic,D (2551) Coimbra 2010}) 8... d4 {[%emt 0:11:41]} 9. O-O-O {[%emt 0:01:11]} Nc6 $146 {[%emt 0:04:13]} ({Predecessor:} 9... Qa5 10. Nb1 Nc6 11. a3 Be6 12. Bd2 Bxd2+ 13. Nbxd2 O-O 14. Ng5 Nb4 15. axb4 {0-1 (51) De Miguel,C-Merlo,C Buenos Aires 1960}) 10. Nd5 {[%emt 0:05:07]} Be6 {[%emt 0:01:18]} 11. Qb3 {[%emt 0:15:23]} b5 {[%emt 0:08:39]} 12. Nxe5 {[%emt 0:05:27]} Nxe5 {[%emt 0:06:30]} 13. Bxf6 {[%emt 0:00:46]} gxf6 {[%emt 0:01:11]} 14. Qxb4 {[%emt 0:00:08]} Bxd5 {[%emt 0:02:35]} 15. exd5 {[%emt 0:03:58]} Qxd5 {[%emt 0:00:22]} 16. Rxd4 {[%emt 0:18:29]} Qe6 {[%emt 0:09:39]} 17. Qb3 {[%emt 0:07:55]} Rc8 {[%emt 0:08:25]} 18. Be2 {[%emt 0:03:55]} Nc6 {[%emt 0:07:49]} 19. Rd2 {[%emt 0:00:05]} O-O {[%emt 0:00:57]} 20. Rhd1 {[%emt 0:00:24]} Rfe8 {[%emt 0:02:42]} 21. Bf3 {[%emt 0:02:09]} Qxb3 {[%emt 0:03:46]} 22. axb3 {[%emt 0:00:05]} Ne5 {[%emt 0:01:35]} 23. Bd5 {[%emt 0:01:06]} a5 {[%emt 0:01:25]} 24. c3 {[%emt 0:01:20]} Kf8 {[%emt 0:03:14]} 25. Rd4 {[%emt 0:00:45]} Re7 {[%emt 0:00:58]} 26. Kd2 {[%emt 0:01:10]} Rce8 {[%emt 0:01:29]} 27. h3 {[%emt 0:02:11]} Nd7 {[%emt 0:00:48]} 28. Bc6 {[%emt 0:00:28]} Nc5 {[%emt 0:01:03]} 29. Kc2 {[%emt 0:01:21]} Re2+ {[%emt 0:02:12]} 30. R1d2 {[%emt 0:00:08]} Rxd2+ {[%emt 0:00:58]} 31. Rxd2 {[%emt 0:00:06]} Rb8 {[%emt 0:00:13]} 32. Rd5 {[%emt 0:00:56]} Ne6 {[%emt 0:00:01]} 33. Rxb5 {[%emt 0:01:17]} Rc8 {[%emt 0:00:08]} 34. Rb6 {[%emt 0:00:05]} Ke7 {[%emt 0:00:19]} 35. Be4 {[%emt 0:01:15]} f5 {[%emt 0:00:18]} 36. Bd3 {[%emt 0:00:57]} Rg8 {[%emt 0:01:10]} 37. g3 {[%emt 0:01:21]} f4 {[%emt 0:00:16]} 38. Bxh7 {[%emt 0:01:41]} fxg3 {[%emt 0:00:14]} 39. fxg3 {[%emt 0:00:07]} Rxg3 {[%emt 0:00:16]} 40. Bf5 {[%emt 0:00:14]} Ng7 {[%emt 0:02:09]} 41. Rb5 {[%emt 0:32:32]} Nxf5 {[%emt 0:30:38]} 42. Rxf5 {[%emt 0:00:07]} Rxh3 {[%emt 0:00:06]} 43. Rxa5 {[%emt 0:00:14]} Rh2+ {[%emt 0:00:17]} 44. Kd3 {[%emt 0:00:00]} Rxb2 {[%emt 0:00:00]} 45. b4 {[%emt 0:00:00]} Ke6 {[%emt 0:00:00]} 46. Ra8 {[%emt 0:00:00]} Ke7 {[%emt 0:00:00]} 47. Ke4 {[%emt 0:00:00]} Rb3 {[%emt 0:00:00]} 48. Ra7+ {[%emt 0:00:00]} Ke6 {[%emt 0:00:00]} 49. Ra6+ {[%emt 0:00:00]} Ke7 {[%emt 0:00:00]} 50. Kd4 {[%emt 0:00:00]} f5 {[%emt 0:00:00]} 51. Rc6 {[%emt 0:00:00]} Rb1 {[%emt 0:00:00]} 52. Ke5 {[%emt 0:00:00]} Re1+ {[%emt 0:00:00]} 53. Kxf5 {[%emt 0:00:00]} Kd7 {[%emt 0:00:00]} 54. Rc5 {[%emt 0:00:00]} Kd6 {[%emt 0:00:00]} 55. c4 {[%emt 0:00:00]} Rf1+ {[%emt 0:00:00]} 56. Ke4 {[%emt 0:00:00]} Re1+ {[%emt 0:00:00]} 57. Kd3 {[%emt 0:00:00]} Rh1 {[%emt 0:00:00]} 58. Rd5+ {[%emt 0:00:00]} Kc6 $18 {[%emt 0:00:00]} 59. Re5 {[%emt 0:00:00]} Rh3+ {[%emt 0:00:00]} 60. Re3 {[%emt 0:00:00]} Rh6 {[%emt 0:00:00]} 61. Kd4 {[%emt 0:00:22]} Rd6+ {[%emt 0:00:00]} 62. Kc3 {[%emt 0:00:04]} Rh6 {[%emt 0:00:00]} 63. b5+ {[%emt 0:00:09] Kd5} 1-0

[Event "WTCC-50 2018"]
[Site "Radebeul"]
[Date "2018.07.12"]
[Round "6"]
[White "Frostick, Clive A"]
[Black "Marwitz, Tino"]
[Result "1-0"]
[WhiteElo "2133"]
[BlackElo "2031"]
[Annotator "NA"]
[PlyCount "63"]
[EventDate "2018.07.07"]
[EventType "team-tourn"]
[EventCountry "GER"]
[SourceTitle "playchess.com"]
[Source "ChessBase"]
[SourceQuality "1"]
[TimeControl "40/5400+30:1800+30"]

1. e4 {[%emt 0:00:00]} c5 {[%emt 0:00:00]} 2. Nf3 {[%emt 0:00:55]} e6 {[%emt 0:00:00]} 3. g3 {[%emt 0:01:27]} d6 {[%emt 0:02:37]} 4. Bg2 {[%emt 0:02:43]} Nf6 {[%emt 0:00:36]} 5. e5 {[%emt 0:07:27]} dxe5 {[%emt 0:01:12]} 6. Nxe5 {[%emt 0:00:23]} Bd6 {[%emt 0:01:08]} 7. Nc4 {[%emt 0:03:36]} Bc7 {[%emt 0:00:11]} 8. b3 {[%emt 0:03:10]} O-O {[%emt 0:01:16]} 9. Bb2 {[%emt 0:00:46]} Nbd7 {[%emt 0:02:03]} 10. O-O {[%emt 0:01:53]} Rb8 {[%emt 0:00:25]} 11. a4 {[%emt 0:04:00]} a6 {[%emt 0:00:10]} 12. a5 {[%emt 0:05:56]} b6 {[%emt 0:03:44]} 13. axb6 {[%emt 0:03:21]} Bxb6 {[%emt 0:03:30]} 14. Nxb6 {[%emt 0:06:44]} Nxb6 {[%emt 0:00:54]} 15. Be5 {[%emt 0:00:23]} Rb7 {[%emt 0:02:30]} 16. d3 {[%emt 0:14:54]} Ra7 {[%emt 0:03:32]} 17. Nc3 {[%emt 0:11:21]} Qe7 {[%emt 0:10:21]} 18. Qe2 {[%emt 0:09:06]} Rd8 {[%emt 0:06:35]} 19. Ne4 {[%emt 0:01:55]} Nxe4 {[%emt 0:00:37]} 20. Bxe4 {[%emt 0:00:10]} Bb7 {[%emt 0:02:35]} 21. Bxb7 {[%emt 0:03:26]} Qxb7 {[%emt 0:00:47]} 22. Qg4 {[%emt 0:01:09]} f5 {[%emt 0:00:49]} 23. Qe2 {[%emt 0:00:28]} Qf7 {[%emt 0:01:00]} 24. Ra5 {[%emt 0:01:04]} Nd5 {[%emt 0:01:30]} 25. c4 {[%emt 0:03:59]} Nb4 {[%emt 0:01:18]} 26. Rxc5 {[%emt 0:01:42]} Nxd3 {[%emt 0:01:29]} 27. Rc6 {[%emt 0:00:50]} Re7 {[%emt 0:05:41]} 28. Bd6 {[%emt 0:01:35]} Ree8 {[%emt 0:05:46]} 29. Qxd3 {[%emt 0:00:29]} Qb7 {[%emt 0:01:32]} 30. Rc5 {[%emt 0:03:51]} Qb6 {[%emt 0:01:04]} 31. Rd1 {[%emt 0:00:20]} Rd7 {[%emt 0:03:27]} 32. Re5 {[%emt 0:00:48]} 1-0

[Event "WTCC-50 2018"]
[Site "Radebeul"]
[Date "2018.07.12"]
[Round "6"]
[White "Rensch, Toralf"]
[Black "Kryukova, Irina"]
[Result "1/2-1/2"]
[WhiteElo "2088"]
[BlackElo "2249"]
[Annotator "NA"]
[PlyCount "82"]
[EventDate "2018.07.07"]
[EventType "team-tourn"]
[EventCountry "GER"]
[SourceTitle "playchess.com"]
[Source "ChessBase"]
[SourceQuality "1"]
[TimeControl "40/5400+30:1800+30"]

1. e4 {[%emt 0:00:00]} e5 {[%emt 0:02:15]} 2. Nc3 {[%emt 0:00:00]} Nf6 {[%emt 0:00:16]} 3. f4 {[%emt 0:00:01]} d5 {[%emt 0:01:14]} 4. exd5 {[%emt 0:02:30]} Nxd5 {[%emt 0:03:50]} 5. fxe5 {[%emt 0:11:23]} Nxc3 {[%emt 0:19:11]} 6. bxc3 {[%emt 0:01:04]} Qh4+ {[%emt 0:00:29]} 7. Ke2 {[%emt 0:00:12]} Qe4+ {[%emt 0:02:58]} 8. Kf2 {[%emt 0:00:07]} Qxe5 {[%emt 0:01:08]} 9. d4 {[%emt 0:02:39]} Qf6+ {[%emt 0:10:44]} 10. Qf3 {[%emt 0:01:10]} Qxf3+ {[%emt 0:07:53]} 11. Nxf3 {[%emt 0:00:15]} Bd6 {[%emt 0:00:14]} 12. Bd3 {[%emt 0:01:23]} O-O {[%emt 0:01:20]} 13. Ng5 {[%emt 0:10:24]} h6 {[%emt 0:04:39]} 14. Ne4 {[%emt 0:01:45]} Be7 {[%emt 0:01:03]} 15. Rf1 {[%emt 0:03:25]} Be6 {[%emt 0:08:58]} 16. Rb1 {[%emt 0:12:53]} b6 {[%emt 0:03:57]} 17. c4 {[%emt 0:00:58]} Nd7 {[%emt 0:06:16]} 18. Kg1 {[%emt 0:05:22]} c6 {[%emt 0:05:01]} 19. c3 {[%emt 0:12:55]} Rfe8 {[%emt 0:03:45]} 20. Rb2 {[%emt 0:06:32]} Bf8 {[%emt 0:04:29]} 21. h3 {[%emt 0:07:08]} f5 {[%emt 0:02:14]} 22. Nd2 {[%emt 0:05:32]} Ba3 {[%emt 0:03:39]} 23. Rc2 {[%emt 0:01:17]} Bxc1 {[%emt 0:00:09]} 24. Rcxc1 {[%emt 0:00:13]} g6 {[%emt 0:00:24]} 25. Rfe1 {[%emt 0:04:28]} Kg7 {[%emt 0:01:07]} 26. Kf2 {[%emt 0:01:00]} Bf7 {[%emt 0:01:14]} 27. Nf3 {[%emt 0:01:54]} Kf6 {[%emt 0:00:25]} 28. h4 {[%emt 0:03:47]} Rxe1 {[%emt 0:01:15]} 29. Rxe1 {[%emt 0:00:09]} Re8 {[%emt 0:00:21]} 30. Rxe8 {[%emt 0:00:42]} Bxe8 {[%emt 0:00:02]} 31. g3 {[%emt 0:00:12]} Bf7 {[%emt 0:00:57]} 32. Ke3 {[%emt 0:00:07]} g5 {[%emt 0:00:57]} 33. a3 {[%emt 0:01:08]} Bh5 {[%emt 0:01:38]} 34. hxg5+ {[%emt 0:00:52]} hxg5 {[%emt 0:00:02]} 35. Bc2 {[%emt 0:00:59]} a6 {[%emt 0:02:31]} 36. Ba4 {[%emt 0:01:11]} b5 {[%emt 0:00:19]} 37. cxb5 {[%emt 0:00:04]} axb5 {[%emt 0:00:03]} 38. Bb3 {[%emt 0:00:51]} Bxf3 {[%emt 0:01:03]} 39. Kxf3 {[%emt 0:00:01]} Nb6 {[%emt 0:00:08]} 40. Ke2 {[%emt 0:02:12]} Ke7 {[%emt 0:00:45]} 41. Kd3 {[%emt 0:30:26]} Kd6 {[%emt 0:31:02]} 1/2-1/2

[Event "WTCC-50 2018"]
[Site "Radebeul"]
[Date "2018.07.12"]
[Round "6"]
[White "Vollak, Andreas"]
[Black "Fegan, Chris"]
[Result "1/2-1/2"]
[WhiteElo "2027"]
[BlackElo "2040"]
[Annotator "NA"]
[PlyCount "77"]
[EventDate "2018.07.07"]
[EventType "team-tourn"]
[EventCountry "GER"]
[SourceTitle "playchess.com"]
[Source "ChessBase"]
[SourceQuality "1"]
[TimeControl "40/5400+30:1800+30"]

1. d4 {[%emt 0:00:00]} f5 {[%emt 0:00:00]} 2. Nf3 {[%emt 0:00:27]} Nf6 {[%emt 0:00:00]} 3. c4 {[%emt 0:01:22]} g6 {[%emt 0:00:53]} 4. g3 {[%emt 0:01:37]} Bg7 {[%emt 0:00:05]} 5. Bg2 {[%emt 0:00:14]} O-O {[%emt 0:00:07]} 6. O-O {[%emt 0:00:36]} d6 {[%emt 0:00:09]} 7. b3 {[%emt 0:03:19]} c5 {[%emt 0:03:08]} 8. Bb2 {[%emt 0:02:21]} cxd4 {[%emt 0:04:16]} 9. Nxd4 {[%emt 0:01:49]} a6 {[%emt 0:01:10]} 10. Nc3 {[%emt 0:05:03]} h6 {[%emt 0:05:29]} 11. e4 {[%emt 0:15:31]} e5 {[%emt 0:05:05]} 12. Nde2 {[%emt 0:05:51]} Nc6 {[%emt 0:06:25]} 13. Qd2 {[%emt 0:02:05]} Be6 {[%emt 0:07:56]} 14. Rad1 {[%emt 0:08:16]} Ne8 {[%emt 0:09:54]} 15. Ba3 {[%emt 0:10:29]} f4 {[%emt 0:13:47]} 16. gxf4 {[%emt 0:06:06]} exf4 {[%emt 0:07:14]} 17. Nxf4 {[%emt 0:05:12]} Bg4 {[%emt 0:14:21]} 18. f3 {[%emt 0:10:40]} g5 {[%emt 0:06:31]} 19. Nfe2 {[%emt 0:01:31]} Bh5 {[%emt 0:01:31]} 20. Nd5 {[%emt 0:01:54]} Ne5 {[%emt 0:02:24]} 21. Qe3 {[%emt 0:02:11]} g4 {[%emt 0:02:05]} 22. fxg4 {[%emt 0:01:43]} Rxf1+ {[%emt 0:01:12]} 23. Rxf1 {[%emt 0:00:23]} Nxg4 {[%emt 0:00:15]} 24. Qf4 {[%emt 0:02:01]} Qh4 {[%emt 0:03:14]} 25. Qg3 {[%emt 0:03:17]} Qg5 {[%emt 0:01:17]} 26. Bc1 {[%emt 0:00:32]} Qd8 {[%emt 0:00:48]} 27. h3 {[%emt 0:00:40]} Ngf6 {[%emt 0:01:11]} 28. Nef4 {[%emt 0:00:42]} Bf7 {[%emt 0:00:16]} 29. Nxf6+ {[%emt 0:01:16]} Nxf6 {[%emt 0:00:12]} 30. Nd5 {[%emt 0:00:45]} Bxd5 {[%emt 0:01:56]} 31. exd5 {[%emt 0:00:33]} Kh8 {[%emt 0:00:23]} 32. Re1 {[%emt 0:02:02]} Qa5 {[%emt 0:01:00]} 33. Re7 {[%emt 0:00:48]} Rg8 {[%emt 0:00:37]} 34. Qg6 {[%emt 0:01:01]} Nxd5 {[%emt 0:01:01]} 35. Rxg7 {[%emt 0:03:14]} Qe1+ {[%emt 0:00:15]} 36. Kh2 {[%emt 0:00:11]} Qe5+ {[%emt 0:00:14]} 37. Kg1 {[%emt 0:00:05]} Qe1+ {[%emt 0:00:38]} 38. Kh2 {[%emt 0:00:02]} Qe5+ {[%emt 0:00:21]} 39. Kg1 {[%emt 0:00:01]} 1/2-1/2

[Event "WTCC-50 2018"]
[Site "Radebeul"]
[Date "2018.07.12"]
[Round "6"]
[White "Habel, Christof"]
[Black "Barron, Michael"]
[Result "0-1"]
[WhiteElo "2026"]
[BlackElo "2123"]
[Annotator "NA"]
[PlyCount "91"]
[EventDate "2018.07.07"]
[EventType "team-tourn"]
[EventCountry "GER"]
[SourceTitle "playchess.com"]
[Source "ChessBase"]
[SourceQuality "1"]
[TimeControl "40/5400+30:1800+30"]

1. d4 {[%emt 0:00:00]} f5 {[%emt 0:00:00]} 2. Nc3 {[%emt 0:00:45]} Nf6 {[%emt 0:00:00]} 3. Nf3 {[%emt 0:01:52]} g6 {[%emt 0:00:52]} 4. e3 {[%emt 0:04:09]} Bg7 {[%emt 0:00:12]} 5. Bd3 {[%emt 0:00:20]} d5 {[%emt 0:03:34]} 6. Ne2 {[%emt 0:04:22]} O-O {[%emt 0:09:44]} 7. h4 {[%emt 0:04:29]} e6 {[%emt 0:05:29]} 8. Nf4 {[%emt 0:07:29]} Ne4 {[%emt 0:00:14]} 9. c4 {[%emt 0:00:55]} c6 {[%emt 0:00:32]} 10. Bd2 {[%emt 0:00:24]} Qe7 {[%emt 0:07:37]} 11. b4 {[%emt 0:05:35]} Nd6 {[%emt 0:02:02]} 12. c5 {[%emt 0:06:31]} Nf7 {[%emt 0:00:03]} 13. Bc3 {[%emt 0:02:57]} Nd7 {[%emt 0:02:21]} 14. Qc2 {[%emt 0:03:42]} e5 {[%emt 0:00:45]} 15. dxe5 {[%emt 0:00:33]} Ndxe5 {[%emt 0:00:03]} 16. Nd4 {[%emt 0:00:44]} Nxd3+ {[%emt 0:01:03]} 17. Qxd3 {[%emt 0:02:26]} Ne5 {[%emt 0:00:43]} 18. Qc2 {[%emt 0:08:37]} Bf6 {[%emt 0:00:42]} 19. h5 {[%emt 0:03:41]} g5 {[%emt 0:01:39]} 20. Nd3 {[%emt 0:04:41]} f4 {[%emt 0:01:16]} 21. O-O-O {[%emt 0:04:34]} fxe3 {[%emt 0:00:21]} 22. Nxe5 {[%emt 0:00:58]} Bxe5 {[%emt 0:00:53]} 23. fxe3 {[%emt 0:01:23]} Bg4 {[%emt 0:02:51]} 24. Rd2 {[%emt 0:00:56]} Rae8 {[%emt 0:01:09]} 25. Qb2 {[%emt 0:01:58]} h6 {[%emt 0:01:38]} 26. Qc2 {[%emt 0:03:13]} Bg7 {[%emt 0:01:20]} 27. Kb2 {[%emt 0:09:43]} Qxe3 {[%emt 0:02:17]} 28. Qg6 {[%emt 0:03:05]} Rf6 {[%emt 0:01:29]} 29. Qc2 {[%emt 0:04:22]} Re4 {[%emt 0:02:49]} 30. Rd3 {[%emt 0:01:36]} Qf4 {[%emt 0:01:16]} 31. a3 {[%emt 0:02:21]} Rf8 {[%emt 0:01:22]} 32. Qd2 {[%emt 0:02:30]} Qf7 {[%emt 0:00:19]} 33. Kb3 {[%emt 0:00:52]} Bxh5 {[%emt 0:01:57]} 34. Nf3 {[%emt 0:01:32]} Bg6 {[%emt 0:01:23]} 35. Nxg5 {[%emt 0:00:19]} hxg5 {[%emt 0:00:21]} 36. Qxg5 {[%emt 0:00:01]} d4+ {[%emt 0:00:24]} 37. Ka4 {[%emt 0:00:36]} dxc3 {[%emt 0:01:05]} 38. Rg3 {[%emt 0:01:46]} Re6 {[%emt 0:00:20]} 39. Rgh3 {[%emt 0:00:24]} Qf5 {[%emt 0:01:12]} 40. Qg3 {[%emt 0:02:32]} Qc2+ {[%emt 0:00:14]} 41. Ka5 {[%emt 0:30:34]} b6+ {[%emt 0:30:03]} 42. cxb6 {[%emt 0:00:00]} Rf5+ {[%emt 0:00:00]} 43. Ka6 {[%emt 0:00:00]} Qa4+ {[%emt 0:00:00]} 44. Kb7 {[%emt 0:00:00]} Rf7+ {[%emt 0:00:00]} 45. Qc7 {[%emt 0:00:00]} axb6 {[%emt 0:00:00]} 46. Rh8+ {[%emt 0:00:00]} 0-1

[Event "WTCC-50 2018"]
[Site "Radebeul"]
[Date "2018.07.12"]
[Round "6"]
[White "Thoele, Wolfgang"]
[Black "Rohrmueller, Ulrich"]
[Result "0-1"]
[WhiteElo "1968"]
[BlackElo "2205"]
[Annotator "NA"]
[PlyCount "64"]
[EventDate "2018.07.07"]
[EventType "team-tourn"]
[EventCountry "GER"]
[SourceTitle "playchess.com"]
[Source "ChessBase"]
[SourceQuality "1"]
[TimeControl "40/5400+30:1800+30"]

1. e4 {[%emt 0:00:00]} d6 {[%emt 0:00:00]} 2. d4 {[%emt 0:00:01]} Nf6 {[%emt 0:00:00]} 3. Nc3 {[%emt 0:00:12]} g6 {[%emt 0:00:06]} 4. Nf3 {[%emt 0:03:47]} Bg7 {[%emt 0:00:21]} 5. Be2 {[%emt 0:00:36]} O-O {[%emt 0:01:12]} 6. O-O {[%emt 0:00:06]} c6 {[%emt 0:00:06]} 7. Bg5 {[%emt 0:01:12]} Qc7 {[%emt 0:01:07]} 8. Qd2 {[%emt 0:00:28]} b5 {[%emt 0:03:54]} 9. a3 {[%emt 0:05:56]} Nbd7 {[%emt 0:00:26]} 10. d5 {[%emt 0:04:59]} a6 {[%emt 0:03:08]} 11. dxc6 {[%emt 0:04:11]} Qxc6 {[%emt 0:00:47]} 12. Nd5 {[%emt 0:14:57]} Re8 {[%emt 0:01:39]} 13. Nd4 {[%emt 0:03:40]} Qb7 {[%emt 0:01:29]} 14. Bxf6 {[%emt 0:02:33]} Nxf6 {[%emt 0:01:58]} 15. Nxf6+ {[%emt 0:00:26]} Bxf6 {[%emt 0:00:09]} 16. Bf3 {[%emt 0:00:19]} Be5 {[%emt 0:00:34]} 17. c3 {[%emt 0:00:55]} Bd7 {[%emt 0:03:53]} 18. g3 {[%emt 0:00:15]} Rac8 {[%emt 0:00:56]} 19. Bg2 {[%emt 0:00:26]} Qa7 {[%emt 0:05:36]} 20. Rfd1 {[%emt 0:04:17]} Rc7 {[%emt 0:03:48]} 21. Qe3 {[%emt 0:11:11]} Bg7 {[%emt 0:05:06]} 22. Nc2 {[%emt 0:01:27]} Qxe3 {[%emt 0:05:17]} 23. Nxe3 {[%emt 0:00:06]} Kf8 {[%emt 0:01:50]} 24. Rd2 {[%emt 0:01:11]} Rb8 {[%emt 0:00:43]} 25. Rad1 {[%emt 0:06:30]} Be6 {[%emt 0:08:10]} 26. Nd5 {[%emt 0:08:27]} Rcc8 {[%emt 0:00:50]} 27. h3 {[%emt 0:00:34]} a5 {[%emt 0:06:22]} 28. Bf1 {[%emt 0:11:30]} h5 {[%emt 0:02:03]} 29. Kg2 {[%emt 0:00:55]} Bh6 {[%emt 0:18:23]} 30. f4 {[%emt 0:06:33]} Bd7 {[%emt 0:03:13]} 31. Be2 {[%emt 0:03:04]} Bc6 {[%emt 0:01:29]} 32. Rc2 {[%emt 0:01:24]} e6 {[%emt 0:01:14]} 0-1

[Event "WTCC-50 2018"]
[Site "Radebeul"]
[Date "2018.07.12"]
[Round "6"]
[White "Luger, Jens"]
[Black "Sazonova, Elena N"]
[Result "0-1"]
[WhiteElo "1920"]
[BlackElo "2146"]
[Annotator "NA"]
[PlyCount "64"]
[EventDate "2018.07.07"]
[EventType "team-tourn"]
[EventCountry "GER"]
[SourceTitle "playchess.com"]
[Source "ChessBase"]
[SourceQuality "1"]
[TimeControl "40/5400+30:1800+30"]

1. d4 {[%emt 0:00:07]} Nf6 {[%emt 0:00:00]} 2. c4 {[%emt 0:00:19]} g6 {[%emt 0:00:00]} 3. Nc3 {[%emt 0:00:05]} Bg7 {[%emt 0:00:16]} 4. Nf3 {[%emt 0:01:16]} O-O {[%emt 0:00:19]} 5. e4 {[%emt 0:01:43]} d6 {[%emt 0:00:23]} 6. Be2 {[%emt 0:00:07]} Nbd7 {[%emt 0:02:22]} 7. O-O {[%emt 0:00:14]} e5 {[%emt 0:00:27]} 8. Be3 {[%emt 0:03:31]} Ng4 {[%emt 0:02:58]} 9. Bg5 {[%emt 0:03:31]} f6 {[%emt 0:00:30]} 10. Bd2 {[%emt 0:05:02]} c6 {[%emt 0:05:15]} 11. Rb1 {[%emt 0:14:17]} a5 {[%emt 0:08:04]} 12. a3 {[%emt 0:02:14]} Qe7 {[%emt 0:06:33]} 13. h3 {[%emt 0:04:21]} Nh6 {[%emt 0:00:14]} 14. Qc1 {[%emt 0:01:26]} Nf7 {[%emt 0:00:24]} 15. d5 {[%emt 0:02:01]} f5 {[%emt 0:12:20]} 16. b4 {[%emt 0:10:45]} axb4 {[%emt 0:03:46]} 17. axb4 {[%emt 0:00:05]} fxe4 {[%emt 0:00:50]} 18. Nxe4 {[%emt 0:01:43]} cxd5 {[%emt 0:00:19]} 19. cxd5 {[%emt 0:01:58]} Nb6 {[%emt 0:01:06]} 20. Be3 {[%emt 0:11:08]} Nxd5 {[%emt 0:02:59]} 21. Bc4 {[%emt 0:04:12]} Nxe3 {[%emt 0:08:26]} 22. Qxe3 {[%emt 0:03:30]} Be6 {[%emt 0:09:49]} 23. Bxe6 {[%emt 0:06:35]} Qxe6 {[%emt 0:00:37]} 24. Qb6 {[%emt 0:00:04]} Qd5 {[%emt 0:02:20]} 25. Qe3 {[%emt 0:03:10]} Qb5 {[%emt 0:06:58]} 26. Rfd1 {[%emt 0:05:06]} d5 {[%emt 0:15:43]} 27. Nc3 {[%emt 0:07:53]} d4 {[%emt 0:00:35]} 28. Qxd4 {[%emt 0:01:20]} Qc6 {[%emt 0:01:26]} 29. Qe3 {[%emt 0:01:55]} Ra3 {[%emt 0:01:01]} 30. Rd3 {[%emt 0:02:17]} Bh6 {[%emt 0:04:18]} 31. Nxe5 {[%emt 0:02:20]} Nxe5 {[%emt 0:00:41]} 32. Qxe5 {[%emt 0:00:09]} Bg7 {[%emt 0:00:03]} 0-1